000 00295nam a22001337a 4500
008 190306b xxu||||| |||| 00| 0 eng d
020 _a2740318825619
041 _aeng
080 _a371
100 _a25
101 _aEDU
245 _aSensation & Perception
_cSchwartz, B.L
942 _2udc
_cBK
999 _c54658
_d54658